JetPunkers francophones par séries de quiz - Statistiques

Statistiques générales
  • Ce quiz a été pris 28 fois
  • Le résultat moyen est 4 sur 10
Statistiques - réponses
Séries de quiz JetPunkers % Correct
Histoire(s) de nourriture ariane5
75%
Histoire par lettre Nygaut
65%
Dirigeants français History4
50%
Préjugés sur ... baptistegorce
45%
QCM auteurs Froufrou
45%
Personnalités politiques françaises Barsoin
40%
Formes de pays punkfrançais
30%
Départements limitrophes de ... Robespierre
15%
La réponse commence par ... Silas666
15%
Pays commençant par la lettre ... katsudk
5%
Aucun quiz correspondant
Distribution des résultats
% des personnes avec chaque résultat
Percentile par nombre de réponses
Votre historique - résultats
Vous n’avez pas pris ce quiz